| 000 | 00613nam a22001457a 4500 | ||
|---|---|---|---|
| 020 | _a978-0-552-55794-8 | ||
| 082 |
_a823 _bSTR/H |
||
| 100 | _aSTROUD, JONATHAN | ||
| 245 | _aHEROES OF THE VALLEY | ||
| 260 |
_aLONDON _bCORGI BOKS |
||
| 300 | _a387 | ||
| 520 | _aHalli Sveinsson has grown up in the House of Svein, listening to the legends of the heroes as all his forefathers did. His is a peaceful society where the violence of the past has been outlawed and disputes are settled by the Council. But young Halli has never quite seemed to fit in with the others. | ||
| 650 |
_aENGLISH NOVEL _zLONDON |
||
| 942 | _cBK | ||
| 999 |
_c3248 _d3248 |
||